Statistics for Cameron Diaz Movies Quiz

Click here to take the quiz!

General Stats

  • This quiz has been taken 18,281 times
    (11,500 since last reset)
  • The average score is 7 of 14

Answer Stats

DescriptionMovie% Correct
Ogre and ogress fall in loveShrek
95%
Trio of foxy detectives fight crimeCharlie's Angels
93%
Regular man can alter reality in cartoonish ways when he dons the mask of LokiThe Mask
83%
Lazy, drug-using teacher wants to find a rich husband and quit teachingBad Teacher
78%
Skinny blonde woman in Miami has legions of scheming suitorsThere's Something
About Mary
63%
Irish gangsters battle American-born gangsters in Manhattan's notorious Five Points slumGangs of New York
50%
An ethical dillemma results when a girl refuses to give a kidney to her dying sisterMy Sister's Keeper
43%
Woman promises to marry her best friend at age 28 - but now he wants
to marry someone else
My Best Friend's
Wedding
40%
A portal in an office building allows people to enter the mind of a famous actorBeing John Malkovich
40%
Rich guy and his high-kicking Asian friend become masked crime fightersThe Green Hornet
32%
After a car crash, a rich young playboy can no longer distinguish reality from dreamsVanilla Sky
28%
Ruthless NFL owner treats her coach, players, and fans as expendable commoditiesAny Given Sunday
26%
Guy with a creepy face will give you a million dollars if you push a button.
The catch: somebody dies
The Box
24%
After bachelor party attendees kill a stripper, a ruthless bride will go to
extreme lengths to save her wedding
Very Bad Things
10%

Score Distribution

Percentile by Number Answered

Percent of People with Each Score

Your Score History

You have not taken this quiz since the last reset